Vplyv motivačných faktorov na zamestnancov v podniku Syráreň Bel Slovensko a.s. diplomová práca

Gespeichert in:
Bibliographische Detailangaben
1. Verfasser: Šlepáková, Zuzana
Körperschaft: Podnikovohospodárska fakulta EU so sídlom v Košiciach. Katedra manažmentu
Weitere Verfasser: Buršák, Martin
Format: Buch
Sprache:Slowakisch
Veröffentlicht: Košice 2010
Tags: Tag hinzufügen
Keine Tags, Fügen Sie das erste Tag hinzu!

MARC

LEADER 00000nam$a2200000$$$4500
001 0122623
005 20240318123739.2
041 0 |a slo 
044 |a SK 
245 1 0 |a Vplyv motivačných faktorov na zamestnancov v podniku Syráreň Bel Slovensko a.s.  |b diplomová práca  |c Zuzana Šlepáková ; škol. Martin Buršák 
264 1 |a Košice  |c 2010 
300 |a 93 s. 
100 1 |a Šlepáková, Zuzana 
700 1 |a Buršák, Martin 
710 2 |a Podnikovohospodárska fakulta EU so sídlom v Košiciach. Katedra manažmentu